000 00730nam a22002297a 4500
001 00260
003 DO-SdBNP
005 20180125125914.0
008 151203b 1981 sp xxu||||| |||| 00| 0 spa d
020 _a8431024461
040 _aBPMSU
_bspa
_cBPMSU
245 _aGenoveva de Brabante /
_cChristopher Schmid ; adaptación literaria: E. Sotillos ; adaptación gráfica: E.M. Fariñas ; realización gráfica: A. Borrell.
250 _a2a ed.
260 _aBarcelona :
_bEdiciones Toray,
_c1981.
300 _a192 p. :
_bil. ;
_c23 cm.
490 1 _aNovelas famosas
_v; 34
830 0 _aNovelas famosas
_n; 34
910 _a00260
942 _2ddc
_cBK
945 _aInventariado, 2018/MFF
956 _aLorenza Pérez
_b10
999 _c9001
_d9001